Getting Everything You Can Out Of All You Have Got (Record no. 302788)

MARC details
000 -LEADER
fixed length control field 00422nam a2200157Ia 4500
008 - FIXED-LENGTH DATA ELEMENTS--GENERAL INFORMATION
fixed length control field 230718s9999 xx 000 0 und d
041 ## - LANGUAGE CODE
Language code of text/sound track or separate title eng
082 ## - DEWEY DECIMAL CLASSIFICATION NUMBER
Classification number 658
Item number ABR
100 ## - MAIN ENTRY--PERSONAL NAME
Personal name Abraham J.
9 (RLIN) 144498
245 ## - TITLE STATEMENT
Title Getting Everything You Can Out Of All You Have Got
260 ## - PUBLICATION, DISTRIBUTION, ETC. (IMPRINT)
Date of publication, distribution, etc. 2001
Name of publisher, distributor, etc. Turman Talley
300 ## - PHYSICAL DESCRIPTION
Extent 376
365 ## - TRADE PRICE
Currency code Rs.
Price amount 606.00
700 ## - ADDED ENTRY--PERSONAL NAME
Personal name Abraham J.
9 (RLIN) 144498
906 ## - LOCAL DATA ELEMENT F, LDF (RLIN)
d B:241709-Nov-2001
c MGMT
b 90.9
Holdings
Withdrawn status Lost status Damaged status Not for loan Home library Current library Date acquired Vendor Budget Code Cost, normal purchase price Bill number Total Checkouts Full call number Barcode Date last seen Discount Cost, replacement price Bill Date Koha item type Original Barcode
        Cummins College of Engineering for Women Pune Cummins College of Engineering for Women Pune 02/01/2002 Technical Book Services MGMT 515.10 2417   658 CCEP-BK-13995 18/07/2023 90.9 606.00 09/11/2001 Books 013995